| 000 | 00851nam a22002295i 4500 | ||
|---|---|---|---|
| 001 | 154879 | ||
| 003 | ES-MaACL | ||
| 005 | 20250805075348.0 | ||
| 008 | 991018s1875 it a |||| | ita d | ||
| 100 | 1 |
_aGuhl, E. _9127611 |
|
| 245 | 1 | 3 |
_aLa vita dei greci e dei romani / _cricavata dagli antichi monumenti da E. Guhl e W. Koner ; traduzione sulla terza edizione originale di Carlo Giussani. |
| 260 |
_aRoma ; _aTorino ; _aFirenze : _bErmanno Loescher, _c1875. |
||
| 300 |
_aXX, 763 p. : _bil. ; _c23 cm. |
||
| 650 | 4 |
_aCivilización griega. _9137206 |
|
| 650 | 0 | 7 |
_aCivilización romana _2embne _911103 |
| 651 | 4 |
_aGrecia- _xUsos y costumbres. _98786 |
|
| 651 |
_aRoma- _xUsos y costumbres. _99321 |
||
| 700 | 1 |
_aKoner, W. _9128480 |
|
| 700 | 1 |
_aGiussani, Carlo. _9127342 |
|
| 852 |
_aES-MaACL _jG-3616 _z- Enc. hol. |
||
| 999 |
_c154879 _d154879 |
||